The Legacy of Christopher Columbus in the Americas (Record no. 13412)
[ view plain ]
| 000 -LEADER | |
|---|---|
| fixed length control field | 00529nam a2200121Ia 4500 |
| 008 - FIXED-LENGTH DATA ELEMENTS--GENERAL INFORMATION | |
| fixed length control field | 220615s9999||||xx |||||||||||||| ||und|| |
| 100 ## - MAIN ENTRY--PERSONAL NAME | |
| Personal name | Bartosik-Velez, Elise |
| 245 #4 - TITLE STATEMENT | |
| Title | The Legacy of Christopher Columbus in the Americas |
| Remainder of title | New Nations and a Transatlantic Discourse of Empire |
| 546 ## - LANGUAGE NOTE | |
| Language note | English[eng] |
| 650 ## - SUBJECT ADDED ENTRY--TOPICAL TERM | |
| Topical term or geographic name entry element | History||United States||History||Caribbean & West Indies||Literary Criticism||Caribbean & Latin American |
| 856 ## - ELECTRONIC LOCATION AND ACCESS | |
| Uniform Resource Identifier | <a href="https://library.oapen.org/bitstream/20.500.12657/46331/1/external_content.pdf">https://library.oapen.org/bitstream/20.500.12657/46331/1/external_content.pdf</a> |
| 942 ## - ADDED ENTRY ELEMENTS (KOHA) | |
| Koha item type | E-Books |
| Withdrawn status | Lost status | Damaged status | Not for loan | Home library | Current library | Date acquired | Total Checkouts | Date last seen | Price effective from | Koha item type |
|---|---|---|---|---|---|---|---|---|---|---|
| Kerala University of Digital Sciences, Innovation and Technology Knowledge Centre | Kerala University of Digital Sciences, Innovation and Technology Knowledge Centre | 15/06/2022 | 15/06/2022 | 15/06/2022 | E-Books |